banner-ar

اسرار وخبايا الارض ( شرائط فيديو) / (Record no. 4346)

MARC details
000 -الفاتح
حقل البيانات ثابتة الطول 00626nam a2200181Ia 4500
008 - عناصر البيانات ثابتة الطول - معلومات عامة
حقل البيانات ثابتة الطول 140319s9999 xx 000 0 ara d
040 ## - مصدر الفهرسة
وكالة الفهرسة الأصلية GCL /
وكالة النسخ GCL
082 04 - رقم تصنيف ديوى العشرى
رقم التصنيف ش ف
رقم المادة 550
-- هـ أ
100 1# - المدخل الرئيسى - إسم شخصى
الإسم الشخصى هاى فيلم للانتاج والتوزيع
245 10 - بيان العنوان
العنوان اسرار وخبايا الارض ( شرائط فيديو) /
بيان المسئوليه,etc هاى فيلم للانتاج والتوزيع
300 ## - الوصف المادى
التعداد 1 شريط فيديو:
تفاصيل ماديه اخرى للوعاء لو ؛
أبعاد الوعاء 1\2 بوصة
650 04 - المدخل الاضافى بالموضوع-مصطلح موضوعى
مصطلح موضوعي الجيولوجيا
650 04 - المدخل الاضافى بالموضوع-مصطلح موضوعى
مصطلح موضوعي الفيديو، أشرطة
650 04 - المدخل الاضافى بالموضوع-مصطلح موضوعى
مصطلح موضوعي برامج تعليميه
650 04 - المدخل الاضافى بالموضوع-مصطلح موضوعى
مصطلح موضوعي الارض، علوم
942 ## - عناصر المدخل الإضافي( كوها)
مصدر التصنيف او مخطط الترفيف Dewey Decimal Classification
Koha [default] item type المواد السمعية والبصرية
Holdings
حالة التراجع حالة الفقد حالة تلف ليس للاعارة المكان المؤقت الموقع الحالى تاريخ الاكتساب اجمالي اﻻعارات رقم الطلب الباركود تاريخ اخر مشاهدة تاريخ تفعيل السعر نوع وعاء كوها
        مكتبة القاهرة الكبرى مكتبة القاهرة الكبرى 03/26/2014   ش ف\550\ هـ أ 9791 03/26/2014 03/26/2014 المواد السمعية والبصرية
        مكتبة القاهرة الكبرى مكتبة القاهرة الكبرى 03/26/2014   ش ف\550\ هـ أ 9792 03/26/2014 03/26/2014 المواد السمعية والبصرية
        مكتبة القاهرة الكبرى مكتبة القاهرة الكبرى 03/26/2014   ش ف\550\ هـ أ 9793 03/26/2014 03/26/2014 المواد السمعية والبصرية
        مكتبة القاهرة الكبرى مكتبة القاهرة الكبرى 03/26/2014   ش ف\550\ هـ أ 9794 03/26/2014 03/26/2014 المواد السمعية والبصرية

Powered By

EGPV